000 01466nam a2200313 a 4500
001 BRCA_3357
005 20190320204236.0
008 260309s1892----enka---###---#000-0#eng-#
041 _aeng
044 _aenk
084 _a651
_b.P38
_c1892
100 1 _aCervantes Saavedra, Miguel de
_d1547-1616
_9213
245 1 0 _aThe History of the Ingenious Gentleman Don Quixote of La Mancha
_cTranslated from the Spanish of Miguel de Cervantes Saavedra by P. A. Motteux.
260 _aLondres
_bWilliam Paterson and Co.
_c1892
300 _a4 v.
_bil.
_c24 cm.
500 _aContenido : v.1. Primera parte. Retrato de Cervantes por Lalauze. Vida de Cervantes por Lockhart. Prólogo del autor. -- v.2. Primera parte. Texto. Notas. -- v.3. Segunda parte. Prólogo del autor. -- v.4. Segunda parte. Texto. Notas
500 _aReimpresión de la traducción de Motteux, publicada en Edinburgo (1879-84), por los mismos editores. Tela Lúdovik Osterc
500 _aEstado físico : v.2. cubierta desprendida
500 _aQM1023
546 _aTexto en : inglés
650 1 4 _aNovela española
_yÉpoca clásica, 1500-1700
_9215
650 1 4 _aLiteratura española
_yÉpoca clásica, 1500-1700
_9216
650 1 4 _aNovela española
_ySiglo XVII
_9217
650 1 4 _aDon Quijote (Personaje ficticio)
_eNovela
_9218
700 1 _aMotteux, Peter Anthony
_d1663-1718
_eTraductor
_98850
740 0 _aEl Ingenioso Hidalgo Don Quijote de la Mancha
902 _aQFM
942 _2lcc
_cB
999 _c3093
_d3093